000 00324nam a2200109Ia 4500
008 200302s9999 xx 000 0 und d
100 _aKarel Werner
245 _aSymbols in Art and Religion the Indian and the Comarative Perspectives
260 _bMotilal Banarsidass Publishers Pvt. Ltd.
260 _c1991
300 _a221 P.,
999 _c2454
_d2454